La electricidad y los caminos de hierro : (Record no. 53678)

MARC details
000 -LEADER
campo de control de longitud fija 01175nam a2200241 i 4500
001 - NÚMERO DE CONTROL
campo de control 53678
003 - IDENTIFICADOR DE NÚMERO DE CONTROL
campo de control ES-MaACL
005 - FECHA Y HORA DE LA ÚLTIMA TRANSACCIÓN
campo de control 20250904063048.0
007 - CAMPO FIJO DE DESCRIPCIÓN FÍSICA--INFORMACIÓN GENERAL
campo de control de longitud fija t|
008 - DATOS DE LONGITUD FIJA--INFORMACIÓN GENERAL
campo de control de longitud fija 960704m18571858sp a ||||1| spa d
100 1# - ENTRADA PRINCIPAL--NOMBRE DE PERSONA
Nombre de persona Fernández de Castro, Manuel,
Fechas asociadas al nombre 1825-1895
9 (RLIN) 49645
245 13 - MENCIÓN DEL TÍTULO
Título La electricidad y los caminos de hierro :
Resto del título descripción y examen de los sistemas propuestos para evitar accidentes en los caminos de hierro por medio de la electricidad, precedidos de una reseña histórico-elemental de esta ciencia y de sus principales aplicaciones /
Mención de responsabilidad, etc. por D. Manuel Fernández de Castro.
260 ## - PUBLICACIÓN, DISTRIBUCIÓN, ETC.
Lugar de publicación, distribución, etc. Madrid :
Nombre del editor, distribuidor, etc. [s.n.],
Fecha de publicación, distribución, etc. 1857-1858 (
Fabricante Imp. y Esterotipia de M. Rivadeneyra)
300 ## - DESCRIPCIÓN FÍSICA
Extensión 2 v. (574 ; 504 p.) ;
Dimensiones 23 cm.
505 8# - NOTA DE CONTENIDO CON FORMATO
Nota de contenido con formato Contiene: 1. La electricidad - 2. Los caminos de hierro
530 ## - NOTA DISPONIBLE DE FORMULARIO FÍSICO ADICIONAL
Nota de formato físico adicional disponible Disponible en formato digital.
650 #4 - PUNTO DE ACCESO ADICIONAL DE MATERIA--TÉRMINO DE MATERIA
Término de materia o nombre geográfico como elemento de entrada Energía eléctrica.
9 (RLIN) 153785
650 #4 - PUNTO DE ACCESO ADICIONAL DE MATERIA--TÉRMINO DE MATERIA
Término de materia o nombre geográfico como elemento de entrada Transportes ferroviarios-
Subdivisión general Medidas de seguridad.
9 (RLIN) 167159
650 ## - PUNTO DE ACCESO ADICIONAL DE MATERIA--TÉRMINO DE MATERIA
Término de materia o nombre geográfico como elemento de entrada Señales ferroviarias.
9 (RLIN) 173716
852 4# - LOCALIZACIÓN
Ubicación ES-MaACL
Número de control de estantería G-11860-61
856 4# - LOCALIZACIÓN Y ACCESO ELECTRÓNICOS
Identificador Uniforme de Recursos <a href="http://bdh-rd.bne.es/viewer.vm?id=0000008859&page=1 ">http://bdh-rd.bne.es/viewer.vm?id=0000008859&page=1 </a>
Nota pública Biblioteca Digital Hispánica
Holdings
Estatus retirado Estado de pérdida Estado de daño No para préstamo Colección Biblioteca de origen Biblioteca actual Ubicación en estantería Fecha de adquisición Fuente de adquisición Total de préstamos Signatura topográfica completa Código de barras Visto por última vez Precio de reemplazo Tipo de ítem Koha
        Colección digital Biblioteca del Ateneo de Madrid Biblioteca del Ateneo de Madrid Sala Pecera Planta 3 17/01/2008     G-11860-61 1056404 23/02/2023 23/02/2023 Libro impreso antiguo